000 00801nam a2200205 a 4500
001 000037205
005 20200930080215.0
008 120301s2000 ag 000 0 spa d
020 _a9879460030
040 _aDO-SdBNP
_bspa
_cBNPHU
082 _axxxx
_bxxxx
100 1 _aEtkin, Jorge
_963620
245 1 0 _aPolítica, gobierno y gerencia de las organizaciones :
_bacuerdos, dualidades y divergencias /
_cJorge Etkin ; prólogo Francisco Suárez.
260 _aBuenos Aires, Argentina, :
_bPearson educación
_bPrentice Hall,
_c2000.
300 _axxxvii, 411 p. ;
_c23 cm.
500 _aIncluye índice temático
504 _aIncluye referencias bibliográficas y notas al pie de las páginas
504 _aBibliografía : p. 176-177-217-218-399-401
700 1 _aSuárez, Francisco,
_epról.
_930474
999 _c36695
_d36695